000 00581pam a2200217 a 4500
001 1020263
005 20180123041147.0
008 880427s1989 nyua b 001 0 eng
010 _a 88015135
020 _a0814725910
040 _aDLC
_cDLC
_dDLC
041 _aeng
080 _a330.1 geo
082 0 0 _a330.1 geo
_219
100 _a52
101 _aeco
245 0 0 _aJoan Robinson and modern economic theory /
_cedited by George R. Feiwel.
504 _aIncludes bibliographies and index.
906 _a7
_bcbc
_corignew
_d1
_eocip
_f19
_gy-gencatlg
942 _2ddc
_cBK
999 _c40730
_d40730